特急「ゆふ」の停車駅 - Statistics

General Stats
  • This quiz has been taken 64 times
  • The average score is 12 of 17
Answer Stats
停車駅 % Correct
博多
100%
別府
100%
大分
98%
久留米
96%
鳥栖
93%
日田
91%
由布院
89%
二日市
84%
豊後森
75%
うきは
70%
筑後吉井
54%
久留米大学前
52%
天ケ瀬
50%
田主丸
46%
豊後中村
45%
湯平
45%
向之原
45%
No matching quizzes found
Score Distribution
Percent of People with Each Score
Percentile by Number Answered
Your Score History
You have not taken this quiz